00956nas a2200241Ia 4500001001100000003000900011008004100020040001300061040001300074041001300087100003800100210001400138222001400152245005900166250001100225260004100236501008600277300001000363310001900373362002400392500026200416650003600678R013/74558IT-RoPAU151124c99999999xx |||||||||||| ||und|| aIT-RoPAU cIT-RoPAU aITALIANO aAA.VV. gCodice Aut. SPICS: 12000 aCOSA (LA) aCosa (La) aCOSA VISTA (LA), N.08-1988bCosa Vista (La), N.08-1988 a1a ed. aITALIAbUNIVERSITA' DI TRIESTEc1988 bPaulus - SPICS - Società€ San Paolo EM (non-commercial uses only)cCopyright2015 a64 p. aQUADRIMESTRALE aANNO 004, N.08-1988 aXlv Mostra del Cinema di Venezia. Censura, Proibito e Pornografia. Informazione Verità€ e Potere. Valutazioni del Centro Cattolico Cinematografico. Trasgressione e Repressione. Censura Politica. Festival della Musica per Film. Notizie da Casa Pathe'. Incon aCINEMAvPUBBLICAZIONE PERIODICA